League of Legends - Champions à Stun - Statistiques

Statistiques générales
  • Ce quiz a été pris 326 fois
  • Le résultat moyen est 29 sur 64
Statistiques - réponses
Réponse % Correct
Morgana
77%
Leona
76%
Nautilus
74%
Annie
69%
Amumu
66%
Anivia
66%
Blitzcrank
66%
Braum
66%
Alistar
65%
Ashe
59%
Bard
59%
Thresh
59%
Brand
56%
Veigar
53%
Fiora
50%
Pyke
50%
Renekton
50%
Vayne
50%
Sejuani
49%
Viego
49%
Xerath
49%
Viktor
48%
Elise
47%
Pantheon
47%
Syndra
47%
Taric
47%
Jax
46%
Lissandra
46%
Sion
46%
Zac
46%
Aurelion Sol
44%
Heimerdinger
44%
Volibear
44%
Yone
44%
Zilean
44%
Gnar
43%
Riven
43%
Poppy
42%
Sett
42%
Sona
41%
Camille
39%
Irelia
39%
Seraphine
39%
Orianna
38%
Twisted Fate
38%
Udyr
38%
Cassiopeia
37%
Gragas
37%
Kennen
37%
Rammus
37%
Rell
37%
Vel Koz
36%
Hecarim
35%
Ekko
35%
Ivern
35%
Qiyana
35%
Sylas
35%
Neeko
34%
Skarner
34%
Urgot
33%
Nunu
29%
Tahm Kench
29%
Xin Zhao
26%
Renata Glasc
18%
Aucun quiz correspondant
Distribution des résultats
% des personnes avec chaque résultat
Percentile par nombre de réponses
Votre historique - résultats
Vous n’avez pas pris ce quiz